[Event "Winnipeg TNT June op"]
[Site "Winnipeg CAN"]
[Date "2013.06.04"]
[Round "1"]
[White "Reimer, Bruce"]
[Black "Kernetsky, Myron"]
[Result "0-1"]
[WhiteElo "1644"]
[BlackElo "2060"]
[PlyCount "52"]
[GameId "2160767909347724"]
[EventDate "2013.06.04"]
[EventType "swiss"]
[EventRounds "4"]
[EventCountry "CAN"]
[SourceTitle "EXT 2022"]
[Source "ChessBase"]
[SourceDate "2021.10.06"]
[SourceVersion "1"]
[SourceVersionDate "2021.10.06"]
[SourceQuality "1"]

1. c4 c5 2. g3 Nc6 3. Bg2 g6 4. Nc3 Bg7 5. e4 d6 6. Nge2 e5 7. O-O Nge7 8. d3 O-O 9. Be3 Nd4 10. Bxd4 cxd4 11. Nd5 Rb8 12. f4 f5 13. fxe5 dxe5 14. exf5 Nxf5 15. Kh1 Be6 16. Qd2 Qd7 17. Qa5 b6 18. Qa3 Kh8 19. Rae1 Bxd5 20. Bxd5 Ne3 21. Rxf8+ Rxf8 22. Bg2 Nc2 23. Qb3 Nxe1 24. Qd1 Nxg2 25. Kxg2 Qc6+ 26. Kg1 Bh6 0-1

[Event "Winnipeg TNT June op"]
[Site "Winnipeg CAN"]
[Date "2013.06.11"]
[Round "2"]
[White "De Groot, Steven"]
[Black "Schulz, Waldemar"]
[Result "1-0"]
[WhiteElo "1979"]
[BlackElo "1970"]
[PlyCount "69"]
[GameId "2160767909347726"]
[EventDate "2013.06.04"]
[EventType "swiss"]
[EventRounds "4"]
[EventCountry "CAN"]
[SourceTitle "EXT 2022"]
[Source "ChessBase"]
[SourceDate "2021.10.06"]
[SourceVersion "1"]
[SourceVersionDate "2021.10.06"]
[SourceQuality "1"]

1. c4 Nf6 2. Nc3 d5 3. cxd5 Nxd5 4. g3 g6 5. Bg2 c6 6. Nf3 Bg7 7. O-O O-O 8. d4 Be6 9. e4 Nxc3 10. bxc3 Bc4 11. Re1 c5 12. Be3 cxd4 13. cxd4 Nc6 14. Qd2 Qa5 15. Qxa5 Nxa5 16. Rab1 Ba6 17. d5 b6 18. Bg5 Rfe8 19. Bh3 h6 20. Bd2 Nc4 21. Bb4 Bc8 22. Bf1 b5 23. Nd2 Nxd2 24. Bxd2 a6 25. Rbc1 Rb8 26. e5 Rd8 27. Bg2 Bb7 28. Ba5 Rxd5 29. Bxd5 Bxd5 30. Bb4 Bf8 31. Rc7 Bxa2 32. Ra1 Bc4 33. Rxa6 Rd8 34. Ra1 Rd5 35. Re1 1-0

[Event "Winnipeg TNT June op"]
[Site "Winnipeg CAN"]
[Date "2013.06.11"]
[Round "2"]
[White "Javate, Larry"]
[Black "Reimer, Bruce"]
[Result "1-0"]
[WhiteElo "1251"]
[BlackElo "1644"]
[PlyCount "57"]
[GameId "2160767909347727"]
[EventDate "2013.06.04"]
[EventType "swiss"]
[EventRounds "4"]
[EventCountry "CAN"]
[SourceTitle "EXT 2022"]
[Source "ChessBase"]
[SourceDate "2021.10.06"]
[SourceVersion "1"]
[SourceVersionDate "2021.10.06"]
[SourceQuality "1"]

1. e4 Nf6 2. e5 Nd5 3. d4 d6 4. Nf3 dxe5 5. Nxe5 g6 6. Qf3 Be6 7. c4 Nf6 8. d5 Bc8 9. Nc3 Nbd7 10. Nxd7 Bxd7 11. h3 Bg7 12. Bd3 c6 13. O-O O-O 14. Bg5 h6 15. Bh4 cxd5 16. cxd5 g5 17. Bg3 Re8 18. Rae1 Qc8 19. Re3 e6 20. d6 Bc6 21. Qe2 a6 22. f4 Nd5 23. Nxd5 exd5 24. fxg5 Bd4 25. Qh5 Bxe3+ 26. Kh1 Rf8 27. Qxh6 f5 28. Qg6+ Kh8 29. Be5+ 1-0

[Event "Winnipeg TNT June op"]
[Site "Winnipeg CAN"]
[Date "2013.06.11"]
[Round "2"]
[White "Kernetsky, Myron"]
[Black "Gentes, Kevin"]
[Result "0-1"]
[WhiteElo "2060"]
[BlackElo "2283"]
[PlyCount "48"]
[GameId "2160767909347728"]
[EventDate "2013.06.04"]
[EventType "swiss"]
[EventRounds "4"]
[EventCountry "CAN"]
[SourceTitle "EXT 2022"]
[Source "ChessBase"]
[SourceDate "2021.10.06"]
[SourceVersion "1"]
[SourceVersionDate "2021.10.06"]
[SourceQuality "1"]

1. d4 Nf6 2. c4 g6 3. Nc3 Bg7 4. e4 O-O 5. Nf3 c5 6. d5 d6 7. h3 b5 8. cxb5 a6 9. bxa6 Qa5 10. Bd3 Nxa6 11. O-O Nb4 12. Be2 Ba6 13. a3 Bxe2 14. Qxe2 Qa6 15. Qxa6 Rxa6 16. Rd1 Nc2 17. Rb1 Nd7 18. Bd2 Rb8 19. Rdc1 Nd4 20. Nxd4 Bxd4 21. Nd1 Nf6 22. Bg5 Nxe4 23. Bxe7 Re8 24. Bh4 g5 0-1

[Event "Winnipeg TNT June op"]
[Site "Winnipeg CAN"]
[Date "2013.06.11"]
[Round "2"]
[White "Kumaragamage, Shashika"]
[Black "Baron, Gustav"]
[Result "0-1"]
[WhiteElo "1466"]
[BlackElo "1903"]
[PlyCount "52"]
[GameId "2160767909347729"]
[EventDate "2013.06.04"]
[EventType "swiss"]
[EventRounds "4"]
[EventCountry "CAN"]
[SourceTitle "EXT 2022"]
[Source "ChessBase"]
[SourceDate "2021.10.06"]
[SourceVersion "1"]
[SourceVersionDate "2021.10.06"]
[SourceQuality "1"]

1. d4 e6 2. c4 Nf6 3. Nf3 b6 4. Nc3 Be7 5. Bf4 Bb7 6. e3 O-O 7. Be2 d6 8. Bg3 Nbd7 9. O-O a6 10. Qc2 Rc8 11. b4 c5 12. bxc5 bxc5 13. Rab1 Qc7 14. Rfd1 Nh5 15. d5 Nxg3 16. hxg3 exd5 17. cxd5 Rb8 18. e4 Bf6 19. Bd3 Qa5 20. e5 Nxe5 21. Nxe5 Bxe5 22. Ne4 Bxd5 23. Nxd6 Rxb1 24. Qxb1 Bxa2 25. Bxh7+ Kh8 26. Qf5 Bxd6 0-1

[Event "Winnipeg TNT June op"]
[Site "Winnipeg CAN"]
[Date "2013.06.11"]
[Round "2"]
[White "Lipnowski, Samuel"]
[Black "Mundwiler, Les"]
[Result "1-0"]
[WhiteElo "2229"]
[BlackElo "2051"]
[PlyCount "131"]
[GameId "2160767909347730"]
[EventDate "2013.06.04"]
[EventType "swiss"]
[EventRounds "4"]
[EventCountry "CAN"]
[SourceTitle "EXT 2022"]
[Source "ChessBase"]
[SourceDate "2021.10.06"]
[SourceVersion "1"]
[SourceVersionDate "2021.10.06"]
[SourceQuality "1"]

1. e4 e5 2. Nf3 Nc6 3. Bb5 a6 4. Ba4 d6 5. c3 Bd7 6. O-O Nge7 7. d4 Ng6 8. d5 Nb8 9. Bxd7+ Nxd7 10. c4 Be7 11. Nc3 Nh4 12. Nxh4 Bxh4 13. Qg4 Bf6 14. Be3 O-O 15. b4 g6 16. c5 Bg7 17. Qe2 f5 18. f3 Nf6 19. b5 Qe7 20. cxd6 cxd6 21. bxa6 bxa6 22. Rab1 Nh5 23. Qb2 Nf4 24. g3 Nh5 25. Qb7 Qf6 26. Ne2 f4 27. Bd2 fxg3 28. hxg3 Qd8 29. Kg2 Rf7 30. Qb6 Qf6 31. Qc6 Rff8 32. Rb6 Rfc8 33. Qxd6 Qxd6 34. Rxd6 Rc2 35. Rd1 Rxa2 36. Nc3 Rc2 37. Rc6 a5 38. Na4 Ra2 39. Nb6 Rd8 40. Nc4 a4 41. d6 Rc2 42. Kh3 Rd7 43. Rc8+ Kf7 44. Nxe5+ Bxe5 45. Rxc2 Rxd6 46. f4 Bg7 47. e5 Rd3 48. Rc3 Rd4 49. Rc7+ Ke6 50. Rc6+ Kd7 51. Rd6+ Rxd6 52. exd6 Kxd6 53. Bc3+ Kc5 54. Bxg7 Nxg7 55. Rd7 Nf5 56. Rxh7 a3 57. Ra7 Kb4 58. Ra6 Ne3 59. Rxg6 a2 60. Ra6 Kb3 61. g4 Kb2 62. g5 a1=Q 63. Rxa1 Kxa1 64. g6 Nf5 65. Kg4 Nd6 66. f5 1-0

[Event "Winnipeg TNT June op"]
[Site "Winnipeg CAN"]
[Date "2013.06.11"]
[Round "2"]
[White "Trueman, Francis"]
[Black "Le Dorze, Philippe"]
[Result "0-1"]
[WhiteElo "1478"]
[BlackElo "1777"]
[PlyCount "33"]
[GameId "2160767909347731"]
[EventDate "2013.06.04"]
[EventType "swiss"]
[EventRounds "4"]
[EventCountry "CAN"]
[SourceTitle "EXT 2022"]
[Source "ChessBase"]
[SourceDate "2021.10.06"]
[SourceVersion "1"]
[SourceVersionDate "2021.10.06"]
[SourceQuality "1"]

1. Nf3 b6 2. d3 Bb7 3. Nbd2 d5 4. g3 Nf6 5. Bg2 Nbd7 6. O-O e5 7. e4 Bd6 8. Re1 O-O 9. Qe2 Nc5 10. Nh4 dxe4 11. dxe4 Ba6 12. Qd1 Ne6 13. c3 Qd7 14. Nf5 Rad8 15. Kh1 Nc5 16. Rg1 Nd3 17. Bf1 0-1

[Event "Winnipeg TNT June op"]
[Site "Winnipeg CAN"]
[Date "2013.06.11"]
[Round "2"]
[White "Wasserman, Leor"]
[Black "Melamedoff, Gustavo"]
[Result "0-1"]
[WhiteElo "1988"]
[BlackElo "2097"]
[PlyCount "74"]
[GameId "2160767909347732"]
[EventDate "2013.06.04"]
[EventType "swiss"]
[EventRounds "4"]
[EventCountry "CAN"]
[SourceTitle "EXT 2022"]
[Source "ChessBase"]
[SourceDate "2021.10.06"]
[SourceVersion "1"]
[SourceVersionDate "2021.10.06"]
[SourceQuality "1"]

1. e4 c5 2. Nf3 Nc6 3. d4 cxd4 4. Nxd4 e6 5. Nc3 d6 6. Bb5 Bd7 7. O-O Nf6 8. Kh1 Qc7 9. f4 a6 10. Bxc6 bxc6 11. Nf3 e5 12. f5 Be7 13. Bg5 Rb8 14. Rb1 h6 15. Bh4 Ng4 16. Bxe7 Kxe7 17. Qd3 Rhd8 18. h3 Nf6 19. Qxa6 d5 20. exd5 cxd5 21. Qxf6+ gxf6 22. Nxd5+ Kd6 23. Nxc7 Kxc7 24. Rf2 Bc6 25. Nd2 Rg8 26. Kh2 Rbd8 27. b3 Rg5 28. Re1 Rdg8 29. Ne4 Bxe4 30. Rxe4 Rd8 31. Rg4 h5 32. Rxg5 fxg5 33. g4 hxg4 34. hxg4 f6 35. Re2 Rd4 36. Kg3 Kd6 37. Re3 Kd5 0-1

[Event "Winnipeg TNT June op"]
[Site "Winnipeg CAN"]
[Date "2013.06.11"]
[Round "2"]
[White "Wolchock, Theo"]
[Black "Dykman, Tony"]
[Result "1-0"]
[WhiteElo "1724"]
[BlackElo "1285"]
[PlyCount "37"]
[GameId "2160767909347733"]
[EventDate "2013.06.04"]
[EventType "swiss"]
[EventRounds "4"]
[EventCountry "CAN"]
[SourceTitle "EXT 2022"]
[Source "ChessBase"]
[SourceDate "2021.10.06"]
[SourceVersion "1"]
[SourceVersionDate "2021.10.06"]
[SourceQuality "1"]

1. c4 e6 2. Nf3 Nc6 3. d4 g6 4. e3 Nf6 5. Nc3 Bg7 6. Be2 O-O 7. O-O Re8 8. Bd2 d6 9. Rc1 d5 10. Qc2 e5 11. cxd5 Nxd5 12. Nxd5 Qxd5 13. Bc4 Qd6 14. Qb3 Re7 15. d5 e4 16. dxc6 Qxc6 17. Bxf7+ Rxf7 18. Rxc6 bxc6 19. Ng5 1-0

[Event "Winnipeg TNT June op"]
[Site "Winnipeg CAN"]
[Date "2013.06.18"]
[Round "3"]
[White "Javate, Larry"]
[Black "Wasserman, Leor"]
[Result "0-1"]
[WhiteElo "1251"]
[BlackElo "1988"]
[PlyCount "82"]
[GameId "2160767909347734"]
[EventDate "2013.06.04"]
[EventType "swiss"]
[EventRounds "4"]
[EventCountry "CAN"]
[SourceTitle "EXT 2022"]
[Source "ChessBase"]
[SourceDate "2021.10.06"]
[SourceVersion "1"]
[SourceVersionDate "2021.10.06"]
[SourceQuality "1"]

1. e4 c5 2. Nf3 d6 3. h3 Nf6 4. Nc3 Nc6 5. Bc4 e6 6. a3 Be7 7. Ba2 O-O 8. d3 a6 9. O-O b5 10. Be3 Bb7 11. Nh2 d5 12. exd5 exd5 13. Bg5 d4 14. Bxf6 Bxf6 15. Ne4 Be5 16. f4 Bd6 17. Qh5 Qc7 18. Nxd6 Qxd6 19. Ng4 Kh8 20. Rae1 f5 21. Re6 Qd7 22. Rfe1 fxg4 23. Qxc5 Qc7 24. Qg5 Qxf4 25. Qxf4 Rxf4 26. Re8+ Rf8 27. R8e6 h6 28. Rg6 Rfe8 29. Rxe8+ Rxe8 30. Rd6 Ne5 31. Be6 Nc6 32. Bf5 Rd8 33. Rg6 Ne7 34. Rb6 Nxf5 35. Rxb7 Ne3 36. Ra7 Nxc2 37. Rxa6 Ne1 38. Rb6 Nxd3 39. b3 Nc1 40. Rxb5 d3 41. Rc5 d2 0-1

[Event "Winnipeg TNT June op"]
[Site "Winnipeg CAN"]
[Date "2013.06.18"]
[Round "3"]
[White "Le Dorze, Philippe"]
[Black "Kernetsky, Myron"]
[Result "0-1"]
[WhiteElo "1777"]
[BlackElo "2060"]
[PlyCount "60"]
[GameId "2160767909347735"]
[EventDate "2013.06.04"]
[EventType "swiss"]
[EventRounds "4"]
[EventCountry "CAN"]
[SourceTitle "EXT 2022"]
[Source "ChessBase"]
[SourceDate "2021.10.06"]
[SourceVersion "1"]
[SourceVersionDate "2021.10.06"]
[SourceQuality "1"]

1. d4 Nf6 2. c4 e6 3. Nf3 b6 4. Nc3 Bb4 5. a3 Bxc3+ 6. bxc3 h6 7. a4 Nc6 8. Ba3 Na5 9. e3 Ba6 10. Nd2 d6 11. Be2 O-O 12. Bf3 Rb8 13. Be2 c5 14. O-O Qc7 15. Qc2 Rfd8 16. e4 Rbc8 17. Rac1 d5 18. e5 Nd7 19. f4 Nxc4 20. Nxc4 Bxc4 21. Bxc4 dxc4 22. Bb2 Qc6 23. Rcd1 Nf8 24. f5 exf5 25. Rxf5 Ne6 26. Qf2 Rc7 27. Bc1 cxd4 28. Bxh6 gxh6 29. Rf6 Qe4 30. Rxh6 Qe3 0-1

[Event "Winnipeg TNT June op"]
[Site "Winnipeg CAN"]
[Date "2013.06.18"]
[Round "3"]
[White "Melamedoff, Gustavo"]
[Black "Lipnowski, Samuel"]
[Result "0-1"]
[WhiteElo "2097"]
[BlackElo "2229"]
[PlyCount "148"]
[GameId "2160767909347736"]
[EventDate "2013.06.04"]
[EventType "swiss"]
[EventRounds "4"]
[EventCountry "CAN"]
[SourceTitle "EXT 2022"]
[Source "ChessBase"]
[SourceDate "2021.10.06"]
[SourceVersion "1"]
[SourceVersionDate "2021.10.06"]
[SourceQuality "1"]

1. Nf3 Nf6 2. c4 g6 3. g3 Bg7 4. Bg2 O-O 5. O-O d5 6. cxd5 Nxd5 7. Nc3 Nxc3 8. dxc3 Nc6 9. Qa4 Qd7 10. Qh4 Qg4 11. Qxg4 Bxg4 12. h3 Bf5 13. Be3 Be4 14. Nd2 Bxg2 15. Kxg2 Rfd8 16. f4 Rd7 17. Ne4 b6 18. f5 f6 19. g4 Ne5 20. Rad1 Rad8 21. Rxd7 Rxd7 22. g5 Nc4 23. Bc1 Nd6 24. Nxd6 Rxd6 25. Bf4 Rd7 26. e4 Kf7 27. h4 gxf5 28. exf5 e6 29. fxe6+ Kxe6 30. Kg3 fxg5 31. hxg5 Kf5 32. Kf3 c6 33. Be3 Be5 34. Rh1 Rf7 35. Rh6 c5 36. a4 Bg7 37. Rh4 Kg6+ 38. Rf4 Rd7 39. b4 Bxc3 40. bxc5 bxc5 41. Bxc5 Kxg5 42. Re4 h5 43. Re7 Rxe7 44. Bxe7+ Kf5 45. Bc5 a6 46. Be3 Ke5 47. Ke2 Ke4 48. Bg5 Kd4 49. Kd1 Kd3 50. Kc1 Be1 51. Kb2 Kc4 52. Kc2 Bg3 53. Kd2 Kb4 54. Kd3 Kxa4 55. Ke4 Kb3 56. Bd8 Kc4 57. Kf3 Bd6 58. Ke4 Kb5 59. Kd5 Bg3 60. Ke4 Be1 61. Kf5 Ba5 62. Be7 Bb6 63. Kg5 a5 64. Kxh5 Kc4 65. Kg4 Bc5 66. Bf6 Bd4 67. Be7 a4 68. Kf3 Kd3 69. Bd6 Bc3 70. Be7 Kc4 71. Ke2 Bb4 72. Bf6 a3 73. Kd1 Bc3 74. Kc2 Bxf6 0-1

[Event "Winnipeg TNT June op"]
[Site "Winnipeg CAN"]
[Date "2013.06.18"]
[Round "3"]
[White "Mundwiler, Les"]
[Black "Wolchock, Theo"]
[Result "1-0"]
[WhiteElo "2051"]
[BlackElo "1724"]
[PlyCount "117"]
[GameId "2160767909347737"]
[EventDate "2013.06.04"]
[EventType "swiss"]
[EventRounds "4"]
[EventCountry "CAN"]
[SourceTitle "EXT 2022"]
[Source "ChessBase"]
[SourceDate "2021.10.06"]
[SourceVersion "1"]
[SourceVersionDate "2021.10.06"]
[SourceQuality "1"]

1. e4 e5 2. Nf3 d6 3. Nc3 Nf6 4. h3 Nc6 5. Bb5 Bd7 6. O-O Be7 7. d4 exd4 8. Nxd4 Nxd4 9. Bxd7+ Nxd7 10. Qxd4 Bf6 11. Qe3 O-O 12. Nd5 Re8 13. Nxf6+ Nxf6 14. f3 Qe7 15. Qb3 Rab8 16. Bg5 Qe5 17. Bxf6 Qxf6 18. c3 b6 19. Qc4 Rbc8 20. Qa6 Qg5 21. Qxa7 d5 22. f4 Qg3 23. Rf3 Qg6 24. e5 Qe4 25. Qb7 Qc4 26. Rd1 Qxa2 27. b4 Red8 28. Rfd3 Qa8 29. Rxd5 Rxd5 30. Qxd5 Qxd5 31. Rxd5 Kf8 32. g4 Ke7 33. Kg2 Ke6 34. c4 Ra8 35. f5+ Ke7 36. b5 Ra2+ 37. Kg3 Rc2 38. Rd4 Rc3+ 39. Kh4 Re3 40. f6+ gxf6 41. exf6+ Kxf6 42. g5+ Kg6 43. Rf4 Re6 44. Kg4 f6 45. h4 fxg5 46. hxg5 c6 47. Rf6+ Rxf6 48. gxf6 Kxf6 49. c5 Ke7 50. cxb6 Kd7 51. b7 Kc7 52. bxc6 Kb8 53. Kh5 Kc7 54. Kh6 Kb8 55. Kxh7 Kc7 56. Kg7 Kb8 57. Kf7 Kc7 58. Ke7 Kb8 59. Kd6 1-0

[Event "Winnipeg TNT June op"]
[Site "Winnipeg CAN"]
[Date "2013.06.18"]
[Round "3"]
[White "Reimer, Bruce"]
[Black "Kumaragamage, Shashika"]
[Result "1/2-1/2"]
[WhiteElo "1644"]
[BlackElo "1466"]
[PlyCount "76"]
[GameId "2160767909347738"]
[EventDate "2013.06.04"]
[EventType "swiss"]
[EventRounds "4"]
[EventCountry "CAN"]

1. c4 e5 2. g3 Nf6 3. Bg2 c6 4. d4 e4 5. Nc3 d5 6. f3 exf3 7. Nxf3 Bf5 8. cxd5 Nxd5 9. O-O Qc8 10. Nh4 Bh3 11. Qb3 Bxg2 12. Nxg2 Qd7 13. Bg5 h6 14. Bf4 Be7 15. Bxb8 Rxb8 16. e4 Nf6 17. Rad1 O-O 18. Nf4 g5 19. Ng6 Rfd8 20. e5 Nd5 21. Nxe7+ Qxe7 22. Ne4 Qe6 23. Nd6 Rxd6 24. exd6 Qe3+ 25. Rf2 Qxb3 26. axb3 Rd8 27. Rdf1 Ne3 28. Re1 Ng4 29. Rfe2 Rxd6 30. Rd2 Kf8 31. b4 f5 32. Rf1 Rd5 33. h3 Ne3 34. Rf3 Nc4 35. Rdf2 Nd6 36. Rd3 Kf7 37. b3 Nb5 38. Rfd2 Kf6 1/2-1/2

[Event "Winnipeg TNT June op"]
[Site "Winnipeg CAN"]
[Date "2013.06.18"]
[Round "3"]
[White "Schulz, Waldemar"]
[Black "Baron, Gustav"]
[Result "1/2-1/2"]
[WhiteElo "1970"]
[BlackElo "1903"]
[PlyCount "97"]
[GameId "2160767909347739"]
[EventDate "2013.06.04"]
[EventType "swiss"]
[EventRounds "4"]
[EventCountry "CAN"]
[SourceTitle "EXT 2022"]
[Source "ChessBase"]
[SourceDate "2021.10.06"]
[SourceVersion "1"]
[SourceVersionDate "2021.10.06"]
[SourceQuality "1"]

1. Nf3 d5 2. g3 Bf5 3. Bg2 c6 4. O-O e6 5. b3 Nf6 6. Bb2 Nbd7 7. d3 Be7 8. Nbd2 h6 9. e4 Bg4 10. c4 O-O 11. Qc2 Bxf3 12. Nxf3 Rc8 13. Rad1 Qa5 14. a3 b5 15. Nd2 Rfd8 16. b4 Qc7 17. Qb3 Nb6 18. Rfe1 dxc4 19. dxc4 a6 20. Qc2 e5 21. c5 Nbd7 22. Bh3 Ra8 23. Nb3 Nf8 24. f3 N6h7 25. Rxd8 Rxd8 26. Rd1 Ng5 27. Bg2 Nfe6 28. Rd2 f6 29. Qd1 Rxd2 30. Qxd2 Qd8 31. Qxd8+ Bxd8 32. h4 Nh7 33. Kf2 Kf7 34. Ke3 Bc7 35. Nc1 g5 36. hxg5 hxg5 37. Nd3 Nhf8 38. Bh3 Ke7 39. Nf2 a5 40. Ng4 axb4 41. axb4 Nd4 42. Bc3 Nfe6 43. Nh6 Nc2+ 44. Kd3 Ncd4 45. Nf5+ Nxf5 46. Bxf5 Ng7 47. Bg4 Ne6 48. Bh3 Ng7 49. Bg4 1/2-1/2

[Event "Winnipeg TNT June op"]
[Site "Winnipeg CAN"]
[Date "2013.06.18"]
[Round "3"]
[White "Swift, Ryne"]
[Black "Trueman, Francis"]
[Result "1-0"]
[WhiteElo "1920"]
[BlackElo "1478"]
[PlyCount "73"]
[GameId "2160767909347740"]
[EventDate "2013.06.04"]
[EventType "swiss"]
[EventRounds "4"]
[EventCountry "CAN"]
[SourceTitle "EXT 2022"]
[Source "ChessBase"]
[SourceDate "2021.10.06"]
[SourceVersion "1"]
[SourceVersionDate "2021.10.06"]
[SourceQuality "1"]

1. e4 d6 2. d4 Nf6 3. Nc3 g6 4. Nf3 Bg7 5. Bc4 O-O 6. O-O Nbd7 7. h3 e5 8. dxe5 dxe5 9. Bg5 c6 10. Qd2 Qe7 11. Rad1 Re8 12. Rfe1 Nf8 13. Qd6 Be6 14. Qxe7 Rxe7 15. Nxe5 h6 16. Bxf6 Bxf6 17. Bxe6 Nxe6 18. Nd3 Nd4 19. Rc1 Rd8 20. Re3 b6 21. Ne2 Red7 22. e5 Bg5 23. f4 Be7 24. Nxd4 Rxd4 25. Kf1 Bf8 26. Ke2 h5 27. h4 Bh6 28. g3 c5 29. Rd1 R4d7 30. Nf2 Kf8 31. Rxd7 Rxd7 32. Rd3 Rc7 33. Ne4 Ke7 34. Nf6 Ke6 35. Rd6+ Kf5 36. Kf3 c4 37. Nd5 1-0

[Event "Winnipeg TNT June op"]
[Site "Winnipeg CAN"]
[Date "2013.06.25"]
[Round "4"]
[White "Baron, Gustav"]
[Black "Swift, Ryne"]
[Result "0-1"]
[WhiteElo "1903"]
[BlackElo "1920"]
[PlyCount "54"]
[GameId "2160767909347741"]
[EventDate "2013.06.04"]
[EventType "swiss"]
[EventRounds "4"]
[EventCountry "CAN"]
[SourceTitle "EXT 2022"]
[Source "ChessBase"]
[SourceDate "2021.10.06"]
[SourceVersion "1"]
[SourceVersionDate "2021.10.06"]
[SourceQuality "1"]

1. d4 d5 2. c4 e6 3. g3 Nf6 4. Bg2 Be7 5. Nf3 O-O 6. O-O Nbd7 7. b3 dxc4 8. bxc4 c5 9. Bb2 Nb6 10. Qc2 Qc7 11. Nbd2 Bd7 12. Rac1 Rac8 13. e3 Rfd8 14. Ne5 cxd4 15. Bxd4 Bc5 16. Nxd7 Nbxd7 17. Nb3 b6 18. Rfd1 Ba3 19. Bxf6 gxf6 20. Rb1 Ne5 21. Rxd8+ Rxd8 22. Nd4 Qxc4 23. Qxc4 Nxc4 24. Nb5 Bc5 25. Nxa7 Rd2 26. Bf1 Ne5 27. Nc8 Bxe3 0-1

[Event "Winnipeg TNT June op"]
[Site "Winnipeg CAN"]
[Date "2013.06.25"]
[Round "4"]
[White "Lipnowski, Samuel"]
[Black "Kernetsky, Myron"]
[Result "1-0"]
[WhiteElo "2229"]
[BlackElo "2060"]
[PlyCount "63"]
[GameId "2160767909347742"]
[EventDate "2013.06.04"]
[EventType "swiss"]
[EventRounds "4"]
[EventCountry "CAN"]
[SourceTitle "EXT 2022"]
[Source "ChessBase"]
[SourceDate "2021.10.06"]
[SourceVersion "1"]
[SourceVersionDate "2021.10.06"]
[SourceQuality "1"]

1. e4 e6 2. Qe2 c5 3. Nf3 Nc6 4. c3 e5 5. g3 Nf6 6. Bg2 d6 7. O-O Be7 8. Na3 O-O 9. Nc2 a6 10. d4 cxd4 11. cxd4 Re8 12. b3 Bf8 13. dxe5 Nxe5 14. Nfd4 Ng6 15. Qd3 Bd7 16. Bb2 Qb6 17. Ne3 Rac8 18. Nc4 Qa7 19. Nf5 Bxf5 20. exf5 Ne5 21. Qe3 Qb8 22. Nxe5 dxe5 23. Rac1 Rxc1 24. Rxc1 b6 25. Qe2 a5 26. g4 h6 27. h4 Bc5 28. g5 hxg5 29. hxg5 Nh7 30. g6 fxg6 31. Qc4+ Kf8 32. fxg6 1-0

[Event "Winnipeg TNT June op"]
[Site "Winnipeg CAN"]
[Date "2013.06.25"]
[Round "4"]
[White "Mundwiler, Les"]
[Black "Melamedoff, Gustavo"]
[Result "0-1"]
[WhiteElo "2051"]
[BlackElo "2097"]
[PlyCount "66"]
[GameId "2160767909347743"]
[EventDate "2013.06.04"]
[EventType "swiss"]
[EventRounds "4"]
[EventCountry "CAN"]
[SourceTitle "EXT 2022"]
[Source "ChessBase"]
[SourceDate "2021.10.06"]
[SourceVersion "1"]
[SourceVersionDate "2021.10.06"]
[SourceQuality "1"]

1. Nf3 Nf6 2. c4 g6 3. Nc3 Bg7 4. d4 O-O 5. e4 d6 6. h3 Nbd7 7. Be3 c5 8. d5 b5 9. cxb5 a6 10. a4 Qa5 11. Qd2 axb5 12. Bxb5 Ba6 13. Bxa6 Qxa6 14. Bh6 Bxh6 15. Qxh6 Rfb8 16. Rb1 Rb4 17. Qe3 Rab8 18. Kd2 Nb6 19. Qd3 c4 20. Qc2 Nxa4 21. Nxa4 Rxa4 22. Rhe1 Ra2 23. Re3 Qa5+ 24. Kc1 Qa6 25. Rc3 Ra4 26. Qe2 Nd7 27. b3 Ra2 28. Qxc4 Qxc4 29. Rxc4 Nc5 30. b4 Nd3+ 31. Kd1 Nb2+ 32. Rxb2 Rxb2 33. Nd4 R2xb4 0-1

[Event "Winnipeg TNT June op"]
[Site "Winnipeg CAN"]
[Date "2013.06.25"]
[Round "4"]
[White "Trueman, Francis"]
[Black "Javate, Larry"]
[Result "1-0"]
[WhiteElo "1478"]
[BlackElo "1251"]
[PlyCount "61"]
[GameId "2160767909347744"]
[EventDate "2013.06.04"]
[EventType "swiss"]
[EventRounds "4"]
[EventCountry "CAN"]
[SourceTitle "EXT 2022"]
[Source "ChessBase"]
[SourceDate "2021.10.06"]
[SourceVersion "1"]
[SourceVersionDate "2021.10.06"]
[SourceQuality "1"]

1. Nf3 d5 2. d3 Nf6 3. Nbd2 Nc6 4. g3 e5 5. e4 d4 6. Bg2 h6 7. O-O Bg4 8. a4 Nh7 9. h3 Bh5 10. Nc4 Qf6 11. g4 Bg6 12. h4 h5 13. g5 Qe6 14. Kh2 f5 15. Bh3 Qf7 16. Ncxe5 Bd6 17. Bf4 Nxe5 18. Bxe5 fxe4 19. Bxd6 cxd6 20. Nxd4 O-O 21. Be6 Qxe6 22. Nxe6 Rf3 23. dxe4 Bxe4 24. Qd4 Rf7 25. Qxe4 Re8 26. Qd5 Kh8 27. Rae1 Rfe7 28. Nf4 Nf8 29. Rxe7 Rxe7 30. g6 Nd7 31. Qxh5+ 1-0

[Event "Winnipeg TNT June op"]
[Site "Winnipeg CAN"]
[Date "2013.06.25"]
[Round "4"]
[White "Wasserman, Leor"]
[Black "Schulz, Waldemar"]
[Result "0-1"]
[WhiteElo "1988"]
[BlackElo "1970"]
[PlyCount "101"]
[GameId "2160767909347745"]
[EventDate "2013.06.04"]
[EventType "swiss"]
[EventRounds "4"]
[EventCountry "CAN"]
[SourceTitle "EXT 2022"]
[Source "ChessBase"]
[SourceDate "2021.10.06"]
[SourceVersion "1"]
[SourceVersionDate "2021.10.06"]
[SourceQuality "1"]

1. e4 c5 2. Nf3 Nc6 3. d4 cxd4 4. Nxd4 e5 5. Nxc6 bxc6 6. Bc4 Nf6 7. Nc3 Bb4 8. Bg5 h6 9. Bxf6 Qxf6 10. O-O O-O 11. h3 Be7 12. Qd3 d6 13. Rad1 Rd8 14. Qg3 Be6 15. Bb3 Rab8 16. Ne2 Bxb3 17. cxb3 Qe6 18. b4 d5 19. f4 Bf6 20. exd5 cxd5 21. fxe5 Qxe5 22. Qxe5 Bxe5 23. Nd4 Rdc8 24. Nf5 Rc7 25. Rd2 Kh7 26. Rfd1 Rd8 27. Nd4 Kg6 28. b5 Bxd4+ 29. Rxd4 Rcd7 30. Kf2 Kf5 31. Re1 Rc8 32. Re2 Rc1 33. Red2 Ke5 34. a4 f6 35. a5 Rc5 36. Rb4 Rb7 37. Re2+ Kd6 38. Re8 Rcxb5 39. Rxb5 Rxb5 40. Rg8 Rxb2+ 41. Kf3 Rb7 42. Rd8+ Ke5 43. Re8+ Kd4 44. Re6 Kc5 45. Kf4 Rd7 46. Ke3 Kc4 47. Kd2 d4 48. h4 Kd5 49. Re8 Kc5 50. Re6 Kb5 51. a6 0-1

[Event "Winnipeg TNT June op"]
[Site "Winnipeg CAN"]
[Date "2013.06.25"]
[Round "4"]
[White "Wolchock, Theo"]
[Black "Kumaragamage, Shashika"]
[Result "1/2-1/2"]
[WhiteElo "1724"]
[BlackElo "1466"]
[PlyCount "62"]
[GameId "2160767909347746"]
[EventDate "2013.06.04"]
[EventType "swiss"]
[EventRounds "4"]
[EventCountry "CAN"]

1. c4 e5 2. g3 c6 3. Bg2 Nf6 4. Nc3 d5 5. cxd5 Nxd5 6. Nxd5 cxd5 7. Qb3 e4 8. d3 f5 9. dxe4 fxe4 10. Bd2 Bd6 11. Qxd5 Qe7 12. Qxe4 O-O 13. Qxe7 Bxe7 14. Nf3 Nc6 15. Bc3 Bf5 16. O-O Rae8 17. e3 Rd8 18. Rad1 Rxd1 19. Rxd1 Bg4 20. h3 Bxf3 21. Bxf3 Rxf3 22. Rd7 Rf7 23. Rxb7 Bf6 24. Rb3 Bxc3 25. Rxc3 Ne5 26. f4 Ng6 27. Kf2 Rb7 28. b3 Kf7 29. Kf3 Ne7 30. e4 g6 31. Ke3 h5 1/2-1/2